| 000 | 01730nam a2200349 a 4500 | ||
|---|---|---|---|
| 001 | BRCA_3215 | ||
| 005 | 20190320204152.0 | ||
| 008 | 270209s1766----enka---###---#000-0#eng-# | ||
| 041 | _aeng | ||
| 044 | _aenk | ||
| 084 |
_a516 _b.T66 _c1766 |
||
| 100 | 1 |
_aCervantes Saavedra, Miguel de _d1547-1616 _9213 |
|
| 245 | 1 | 0 |
_aThe Life and Exploits of the Ingenious Gentleman Don Quixote de la Mancha _cTranslated from the Original Spanish of Miguel de Cervantes Saavedra by Charles Jarvis. |
| 250 | _a4 | ||
| 260 |
_aLondres _bJ. and R. Tonson _c1766 |
||
| 300 |
_a4 v. _bil. _c18 cm. |
||
| 500 | _aContenido : v.1. Primera parte. Prefacio del traductor. Vida de Cervantes extracto de la escrita por Mayáns. Prólogo del autor. -- v.2. Texto. -- v.3. Segunda parte. Prólogo del autor. -- v.4. Texto | ||
| 500 | _aEdición : The Whole Carefully revised and corrected, with a new translation of the Poet Parts by Another Hand | ||
| 500 | _aCuarta edición de la traducción de Jarvis, copia de la segunda, públicada en 1749, pero en menor tamaño y en 4 volúmenes. Piel; lomeras adornadas con filetes dorados Lúdovik Osterc | ||
| 500 | _aEstado físico : Encuadernación ligeramente desprendida | ||
| 500 | _aQM416 | ||
| 546 | _aTexto en : inglés | ||
| 650 | 1 | 4 |
_aNovela española _yÉpoca clásica, 1500-1700 _9215 |
| 650 | 1 | 4 |
_aLiteratura española _yÉpoca clásica, 1500-1700 _9216 |
| 650 | 1 | 4 |
_aNovela española _ySiglo XVII _9217 |
| 650 | 1 | 4 |
_aDon Quijote (Personaje ficticio) _eNovela _9218 |
| 700 | 1 |
_aJarvis, Charles _d?-1739 _eTraductor _98600 |
|
| 700 | 1 |
_aMayáns I. Siscar, Gregorio _d1699-1781 _eBiógrafo _98601 |
|
| 740 | 0 | _aEl Ingenioso Hidalgo Don Quijote de la Mancha | |
| 902 | _aQFM | ||
| 942 |
_2lcc _cB |
||
| 999 |
_c2951 _d2951 |
||